| 000 | 01007nam a2200301Ia 4500 | ||
|---|---|---|---|
| 001 | H1564 | ||
| 003 | IT-RoPAU | ||
| 008 | 130308s9999 xx 000 0 und d | ||
| 040 | _aIT-RoPAU | ||
| 040 | _cIT-RoPAU | ||
| 041 | _aFRANCESE | ||
| 100 | _aVioli Patrizia | ||
| 100 | _gCodice Aut. SPICS: 637 | ||
| 245 | _aEco et son referent | ||
| 245 | _bAu Nom Du sens Autour de L'Oeuvre D'Umberto Eco | ||
| 250 | _a1a ed. | ||
| 260 | _aPARIS | ||
| 260 | _bGrasset Bernard | ||
| 260 | _c2000 [1° Ed.:2000 - Ed.Ling.Originale:2000] | ||
| 300 | _a"20 p. (prefazione: no ; testo: 20 [pagine: 21-40])" | ||
| 500 | _aEco e suo Referente. Una presenza Imbarazzante: la Problematica del Referente e Il limite della Semiosi. Dal Referente All'Oggetto. Significato ed Esperienza: Costruzione dell'Oggetto Fenomenologico. Limiti dell'Essere e Pre Condizioni del Senso. | ||
| 650 | _aSEMIOLOGIA | ||
| 650 | _eCodice materia Spics: 3251 | ||
| 942 | _cBK | ||
| 957 | _71 | ||
| 999 |
_c40710 _d40710 |
||
| 999 | _bSI | ||
| 999 | _g1 | ||